| 000 | 00833nam a2200229 a 4500 | ||
|---|---|---|---|
| 001 | 15454 | ||
| 003 | BD-RjUL | ||
| 005 | 20211208235823.0 | ||
| 008 | 180729s1965 pk ar f0 0eng | ||
| 020 | _c: PRs. 3.00 | ||
| 035 | _a(BD-RjUL)15508 | ||
| 040 |
_aDLC _cEEM _dMYG _dBD-RjUL _beng |
||
| 041 | _aeng | ||
| 082 |
_223 _a330.9549021 _bEAE 1965 |
||
| 110 | 1 |
_aEast Pakistan (Pakistan). _bFinance Department. _9221986 |
|
| 245 | 1 | 0 |
_aEconomic survey of East Pakistan, 1964/65 / _cEast Pakistan (Pakistan).Finance Department. |
| 260 |
_aDacca : _bEast Pakistan Govt. Press, _c1965 |
||
| 300 |
_a[4], ii, 87 p. : _bIll. ; _c28 cm. |
||
| 651 | 0 |
_aEast Pakistan (Pakistan) _xEconomic Conditions _vStatistics _y1964-65 _9221982 |
|
| 651 | 0 |
_aEast Pakistan (Bangladesh) _xEconomic Conditions _vStatistics _y1964-65 _9221983 |
|
| 942 |
_2ddc _cRAR |
||
| 999 |
_c15454 _d15454 |
||